[Event "1st FIDE Online Cup for U20 with Disabil"]
[Site "FIDE"]
[Date "2020.06.21"]
[Round "1"]
[White "Telenova"]
[Black "Yvelashvili02"]
[Result "1-0"]
[WhiteElo "1620"]
[BlackElo "1620"]
[Annotator "NA RC"]
[PlyCount "69"]
[EventDate "2020.06.21"]
[EventType "blitz"]

1. d4 {[%emt 0:00:03]} d6 {[%emt 0:00:04]} 2. c4 {[%emt 0:00:04]} Nf6 {[%emt 0:00:07]} 3. Nc3 {[%emt 0:00:04]} g6 {[%emt 0:00:13]} 4. Nf3 {[%emt 0:00:03]} Bg4 {[%emt 0:00:04]} 5. Bg5 {[%emt 0:00:09]} Bg7 {[%emt 0:00:12]} 6. e3 {[%emt 0:00:04]} O-O {[%emt 0:00:42]} 7. Be2 {[%emt 0:00:06]} d5 {[%emt 0:01:12]} 8. c5 {[%emt 0:00:26]} Nc6 {[%emt 0:00:29]} 9. O-O {[%emt 0:00:06]} Ne4 {[%emt 0:00:33]} 10. Bh4 {[%emt 0:00:27]} b6 {[%emt 0:00:55]} 11. cxb6 {[%emt 0:00:14]} cxb6 {[%emt 0:00:16]} 12. h3 {[%emt 0:00:02]} Bxf3 {[%emt 0:00:13]} 13. Bxf3 {[%emt 0:00:09]} Nxc3 {[%emt 0:00:11]} 14. bxc3 {[%emt 0:00:02]} Qc7 {[%emt 0:01:00]} 15. Bxd5 {[%emt 0:00:11]} e6 {[%emt 0:00:26]} 16. Bf3 {[%emt 0:00:04]} Rac8 {[%emt 0:00:06]} 17. Bg3 {[%emt 0:00:24]} Qd7 {[%emt 0:00:09]} 18. Rc1 {[%emt 0:00:35]} a5 {[%emt 0:00:23]} 19. a4 {[%emt 0:00:19]} Rfd8 {[%emt 0:00:16]} 20. Rb1 {[%emt 0:00:29]} Rb8 {[%emt 0:01:14]} 21. Qd3 {[%emt 0:00:25]} Rb7 {[%emt 0:00:54]} 22. Qb5 {[%emt 0:00:13]} Na7 {[%emt 0:01:16]} 23. Qxd7 {[%emt 0:00:03]} Rbxd7 {[%emt 0:00:08]} 24. Rxb6 {[%emt 0:00:08]} Nc8 {[%emt 0:00:56]} 25. Ra6 {[%emt 0:00:06]} Ra7 {[%emt 0:00:03]} 26. Rxa7 {[%emt 0:00:07]} Nxa7 {[%emt 0:00:01]} 27. Bc7 {[%emt 0:00:11]} Rc8 {[%emt 0:00:03]} 28. Bxa5 {[%emt 0:00:03]} Nc6 {[%emt 0:00:06]} 29. Bb4 {[%emt 0:00:02]} Nxb4 {[%emt 0:00:02]} 30. cxb4 {[%emt 0:00:02]} Bf8 {[%emt 0:00:08]} 31. b5 {[%emt 0:00:04]} Rc4 {[%emt 0:00:11]} 32. a5 {[%emt 0:00:03]} Rb4 {[%emt 0:00:02]} 33. Bc6 {[%emt 0:00:05]} Be7 {[%emt 0:00:08]} 34. a6 {[%emt 0:00:03]} e5 {[%emt 0:00:09]} 35. a7 {[%emt 0:00:04] Time (Lag: Av=2.92s, max=21.5s) '} 1-0

[Event "1st FIDE Online Cup for U20 with Disabil"]
[Site "FIDE"]
[Date "2020.06.21"]
[Round "1"]
[White "TilegenRakhatbekov"]
[Black "IskanderSagynai"]
[Result "1-0"]
[WhiteElo "1620"]
[BlackElo "1620"]
[Annotator "NA RC"]
[PlyCount "97"]
[EventDate "2020.06.21"]
[EventType "blitz"]

1. d4 {[%emt 0:00:09]} d5 {[%emt 0:00:11]} 2. Bf4 {[%emt 0:00:03]} Nc6 {[%emt 0:00:03]} 3. Nf3 {[%emt 0:00:06]} Nf6 {[%emt 0:00:03]} 4. e3 {[%emt 0:00:04]} Bg4 {[%emt 0:00:04]} 5. Nbd2 {[%emt 0:00:06]} e6 {[%emt 0:00:02]} 6. h3 {[%emt 0:00:03]} Bh5 {[%emt 0:00:06]} 7. Bb5 {[%emt 0:00:05]} Bb4 {[%emt 0:00:05]} 8. c3 {[%emt 0:00:05]} Ba5 {[%emt 0:00:08]} 9. Bxc6+ {[%emt 0:00:08]} bxc6 {[%emt 0:00:02]} 10. Qa4 {[%emt 0:00:03]} Bb6 {[%emt 0:00:14]} 11. Qxc6+ {[%emt 0:00:07]} Qd7 {[%emt 0:00:21]} 12. Qxa8+ {[%emt 0:00:05]} Qd8 {[%emt 0:00:07]} 13. Qxd8+ {[%emt 0:00:13]} Kxd8 {[%emt 0:00:02]} 14. Ne5 {[%emt 0:00:12]} Ke7 {[%emt 0:00:13]} 15. g4 {[%emt 0:00:10]} Bg6 {[%emt 0:00:08]} 16. Ndf3 {[%emt 0:00:28]} Re8 {[%emt 0:00:22]} 17. O-O-O {[%emt 0:00:28]} Kf8 {[%emt 0:00:09]} 18. Nxg6+ {[%emt 0:00:10]} hxg6 {[%emt 0:00:05]} 19. Bg5 {[%emt 0:00:17]} Ne4 {[%emt 0:00:09]} 20. Bh4 {[%emt 0:00:07]} f6 {[%emt 0:00:20]} 21. g5 {[%emt 0:00:18]} f5 {[%emt 0:00:39]} 22. Ne5 {[%emt 0:00:05]} Ke7 {[%emt 0:00:38]} 23. f3 {[%emt 0:00:08]} Nd6 {[%emt 0:00:13]} 24. Nxg6+ {[%emt 0:00:06]} Kd7 {[%emt 0:00:05]} 25. Ne5+ {[%emt 0:00:06]} Kd8 {[%emt 0:00:04]} 26. a3 {[%emt 0:00:10]} Rh8 {[%emt 0:00:10]} 27. Bg3 {[%emt 0:00:23]} c5 {[%emt 0:00:42]} 28. Ng6 {[%emt 0:00:14]} Re8 {[%emt 0:00:11]} 29. Bxd6 {[%emt 0:00:05]} cxd4 {[%emt 0:00:06]} 30. exd4 {[%emt 0:00:03]} Kd7 {[%emt 0:00:19]} 31. Be5 {[%emt 0:00:06]} Rc8 {[%emt 0:00:31]} 32. Bxg7 {[%emt 0:00:13]} Rg8 {[%emt 0:00:11]} 33. Ne5+ {[%emt 0:00:03]} Kc7 {[%emt 0:00:20]} 34. Bf6 {[%emt 0:00:07]} Kd6 {[%emt 0:00:34]} 35. h4 {[%emt 0:00:09]} Bc7 {[%emt 0:00:37]} 36. Rdg1 {[%emt 0:00:09]} Bd8 {[%emt 0:01:00]} 37. Nf7+ {[%emt 0:00:09]} Kd7 {[%emt 0:00:14]} 38. Nxd8 {[%emt 0:00:02]} Kd6 {[%emt 0:00:27]} 39. h5 {[%emt 0:00:17]} e5 {[%emt 0:00:17]} 40. dxe5+ {[%emt 0:00:04]} Kc5 {[%emt 0:00:13]} 41. h6 {[%emt 0:00:06]} d4 {[%emt 0:00:15]} 42. Ne6+ {[%emt 0:00:06]} Kd5 {[%emt 0:00:05]} 43. Nxd4 {[%emt 0:00:02]} a6 {[%emt 0:00:13]} 44. h7 {[%emt 0:00:04]} Rb8 {[%emt 0:00:07]} 45. h8=Q {[%emt 0:00:07]} Rf8 {[%emt 0:00:07]} 46. Qxf8 {[%emt 0:00:07]} f4 {[%emt 0:00:15]} 47. Qd6+ {[%emt 0:00:35]} Kc4 {[%emt 0:00:06]} 48. Kc2 {[%emt 0:00:09]} a5 {[%emt 0:00:08]} 49. b3# {[%emt 0:00:05] (Lag: Av=0.72s, max=6.8s)} 1-0

[Event "1st FIDE Online Cup for U20 with Disabil"]
[Site "FIDE"]
[Date "2020.06.21"]
[Round "1"]
[White "ValeskaRozas"]
[Black "Falah01"]
[Result "1-0"]
[WhiteElo "1620"]
[BlackElo "1492"]
[Annotator "NA RC"]
[PlyCount "107"]
[EventDate "2020.06.21"]
[EventType "blitz"]

1. e4 {[%emt 0:00:04]} e5 {[%emt 0:00:02]} 2. Nf3 {[%emt 0:00:02]} Nc6 {[%emt 0:00:02]} 3. Bc4 {[%emt 0:00:04]} Nf6 {[%emt 0:00:06]} 4. d3 {[%emt 0:00:24]} d5 {[%emt 0:00:11]} 5. exd5 {[%emt 0:00:02]} Nxd5 {[%emt 0:00:03]} 6. O-O {[%emt 0:00:02]} Be7 {[%emt 0:00:13]} 7. Re1 {[%emt 0:00:09]} Bg4 {[%emt 0:00:18]} 8. h3 {[%emt 0:00:03]} Bxf3 {[%emt 0:00:04]} 9. Qxf3 {[%emt 0:00:06]} Nf6 {[%emt 0:00:17]} 10. Bb5 {[%emt 0:00:48]} Qd6 {[%emt 0:00:52]} 11. Nc3 {[%emt 0:00:17]} a6 {[%emt 0:00:15]} 12. Bxc6+ {[%emt 0:00:04]} Qxc6 {[%emt 0:00:04]} 13. Qxc6+ {[%emt 0:00:03]} bxc6 {[%emt 0:00:01]} 14. Rxe5 {[%emt 0:00:02]} Nd7 {[%emt 0:00:10]} 15. Re2 {[%emt 0:00:03]} Nf6 {[%emt 0:00:30]} 16. Bf4 {[%emt 0:00:05]} Kd7 {[%emt 0:00:11]} 17. Rae1 {[%emt 0:01:20]} Bd6 {[%emt 0:00:27]} 18. Bxd6 {[%emt 0:00:05]} cxd6 {[%emt 0:00:01]} 19. Re7+ {[%emt 0:00:02]} Kd8 {[%emt 0:00:04]} 20. Rxf7 {[%emt 0:00:07]} Rg8 {[%emt 0:00:31]} 21. Ree7 {[%emt 0:00:29]} Re8 {[%emt 0:00:25]} 22. Rxe8+ {[%emt 0:00:07]} Nxe8 {[%emt 0:00:03]} 23. Ne4 {[%emt 0:00:07]} Rb8 {[%emt 0:00:08]} 24. b3 {[%emt 0:00:02]} a5 {[%emt 0:00:07]} 25. a4 {[%emt 0:00:02]} h6 {[%emt 0:00:16]} 26. Kf1 {[%emt 0:00:10]} Rc8 {[%emt 0:00:54]} 27. Ra7 {[%emt 0:00:22]} Nc7 {[%emt 0:00:51]} 28. Nxd6 {[%emt 0:00:11]} Ra8 {[%emt 0:00:10]} 29. Rxa8+ {[%emt 0:00:09]} Nxa8 {[%emt 0:00:01]} 30. Nc4 {[%emt 0:00:00]} Nc7 {[%emt 0:00:08]} 31. Nxa5 {[%emt 0:00:04]} Kd7 {[%emt 0:00:02]} 32. Nc4 {[%emt 0:00:01]} Nd5 {[%emt 0:00:06]} 33. g3 {[%emt 0:00:10]} Nb4 {[%emt 0:00:02]} 34. Ne3 {[%emt 0:00:05]} Kd6 {[%emt 0:00:04]} 35. Ke2 {[%emt 0:00:01]} Ke5 {[%emt 0:00:07]} 36. c3 {[%emt 0:00:03]} Na2 {[%emt 0:00:06]} 37. Kd2 {[%emt 0:00:03]} g5 {[%emt 0:00:14]} 38. Kc2 {[%emt 0:00:04]} h5 {[%emt 0:00:27]} 39. Kb2 {[%emt 0:00:22]} Nxc3 {[%emt 0:00:07]} 40. Kxc3 {[%emt 0:00:03]} Kd6 {[%emt 0:00:10]} 41. Kd4 {[%emt 0:00:04]} c5+ {[%emt 0:00:06]} 42. Ke4 {[%emt 0:00:04]} Kc6 {[%emt 0:00:04]} 43. f4 {[%emt 0:00:25]} gxf4 {[%emt 0:00:33]} 44. gxf4 {[%emt 0:00:02]} Kd6 {[%emt 0:00:32]} 45. f5 {[%emt 0:00:02]} Ke7 {[%emt 0:00:04]} 46. Ke5 {[%emt 0:00:01]} Kf7 {[%emt 0:00:07]} 47. a5 {[%emt 0:00:01]} h4 {[%emt 0:00:05]} 48. a6 {[%emt 0:00:01]} Ke7 {[%emt 0:00:07]} 49. a7 {[%emt 0:00:01]} c4 {[%emt 0:00:04]} 50. bxc4 {[%emt 0:00:01]} Kf7 {[%emt 0:00:04]} 51. a8=Q {[%emt 0:00:01]} Ke7 {[%emt 0:00:03]} 52. Qb7+ {[%emt 0:00:01]} Kf8 {[%emt 0:00:13]} 53. Kf6 {[%emt 0:00:02]} Kg8 {[%emt 0:00:03]} 54. Qg7# {[%emt 0:00:02] (Lag: Av=1.25s, max=1.9s)} 1-0

[Event "1st FIDE Online Cup for U20 with Disabil"]
[Site "FIDE"]
[Date "2020.06.21"]
[Round "1"]
[White "Alier"]
[Black "Marufa Azad"]
[Result "1-0"]
[WhiteElo "1564"]
[BlackElo "1585"]
[Annotator "NA RC"]
[PlyCount "83"]
[EventDate "2020.06.21"]
[EventType "blitz"]

1. d4 {[%emt 0:00:06]} Nf6 {[%emt 0:00:42]} 2. c4 {[%emt 0:00:17]} d6 {[%emt 0:00:08]} 3. Nc3 {[%emt 0:00:03]} c6 {[%emt 0:00:09]} 4. e3 {[%emt 0:00:11]} Nbd7 {[%emt 0:00:09]} 5. Nf3 {[%emt 0:00:13]} e6 {[%emt 0:00:08]} 6. Bd2 {[%emt 0:00:10]} d5 {[%emt 0:00:18]} 7. cxd5 {[%emt 0:00:28]} exd5 {[%emt 0:00:08]} 8. Bd3 {[%emt 0:00:08]} Be7 {[%emt 0:00:09]} 9. O-O {[%emt 0:00:10]} O-O {[%emt 0:00:06]} 10. Re1 {[%emt 0:00:07]} h6 {[%emt 0:00:10]} 11. e4 {[%emt 0:00:09]} dxe4 {[%emt 0:00:16]} 12. Nxe4 {[%emt 0:00:09]} Nxe4 {[%emt 0:00:11]} 13. Bxe4 {[%emt 0:00:13]} Nf6 {[%emt 0:00:02]} 14. Bd3 {[%emt 0:00:29]} Bg4 {[%emt 0:00:04]} 15. h3 {[%emt 0:00:04]} Be6 {[%emt 0:00:28]} 16. Qc2 {[%emt 0:01:12]} Qd5 {[%emt 0:00:37]} 17. Bc4 {[%emt 0:00:14]} Qxc4 {[%emt 0:01:08]} 18. Qxc4 {[%emt 0:00:04]} Bxc4 {[%emt 0:00:01]} 19. Rxe7 {[%emt 0:00:01]} b5 {[%emt 0:00:14]} 20. Ne5 {[%emt 0:00:06]} Nd5 {[%emt 0:00:26]} 21. Rd7 {[%emt 0:00:40]} Nb6 {[%emt 0:00:13]} 22. Rd6 {[%emt 0:00:18]} Bd5 {[%emt 0:00:12]} 23. Nxc6 {[%emt 0:00:06]} Nc4 {[%emt 0:00:27]} 24. Rxd5 {[%emt 0:00:12]} Nxd2 {[%emt 0:00:06]} 25. Rxb5 {[%emt 0:00:03]} a6 {[%emt 0:00:24]} 26. Rb7 {[%emt 0:00:09]} Ne4 {[%emt 0:00:26]} 27. d5 {[%emt 0:00:17]} a5 {[%emt 0:00:14]} 28. Re1 {[%emt 0:00:07]} Nc5 {[%emt 0:00:11]} 29. Rc7 {[%emt 0:00:03]} Na6 {[%emt 0:00:16]} 30. Rce7 {[%emt 0:00:34]} Nb8 {[%emt 0:00:10]} 31. Nxb8 {[%emt 0:00:45]} Raxb8 {[%emt 0:00:07]} 32. d6 {[%emt 0:00:01]} Rxb2 {[%emt 0:01:12]} 33. d7 {[%emt 0:00:04]} Rbb8 {[%emt 0:00:02]} 34. Re8 {[%emt 0:00:11]} Rd8 {[%emt 0:00:29]} 35. Rxd8 {[%emt 0:00:12]} Rxd8 {[%emt 0:00:03]} 36. Re8+ {[%emt 0:00:02]} Rxe8 {[%emt 0:00:07]} 37. dxe8=Q+ {[%emt 0:00:00]} Kh7 {[%emt 0:00:02]} 38. Qxf7 {[%emt 0:00:02]} a4 {[%emt 0:00:03]} 39. f4 {[%emt 0:00:05]} a3 {[%emt 0:00:02]} 40. f5 {[%emt 0:00:03]} h5 {[%emt 0:00:04]} 41. f6 {[%emt 0:00:03]} h4 {[%emt 0:00:10]} 42. Qxg7# {[%emt 0:00:00] (Lag: Av=0.94s, max=4.0s)} 1-0

[Event "1st FIDE Online Cup for U20 with Disabil"]
[Site "FIDE"]
[Date "2020.06.21"]
[Round "1"]
[White "Ahmettahainal50"]
[Black "Maxdave tellor"]
[Result "0-1"]
[WhiteElo "1497"]
[BlackElo "1620"]
[Annotator "NA RC"]
[PlyCount "62"]
[EventDate "2020.06.21"]
[EventType "blitz"]

1. d4 {[%emt 0:00:02]} Nf6 {[%emt 0:00:03]} 2. c4 {[%emt 0:00:02]} e6 {[%emt 0:00:07]} 3. Nc3 {[%emt 0:00:06]} d5 {[%emt 0:00:04]} 4. e3 {[%emt 0:00:02]} Be7 {[%emt 0:00:09]} 5. Nf3 {[%emt 0:00:07]} b6 {[%emt 0:00:05]} 6. Bd2 {[%emt 0:00:07]} Bb7 {[%emt 0:00:05]} 7. Rc1 {[%emt 0:00:04]} O-O {[%emt 0:00:18]} 8. Be2 {[%emt 0:00:07]} Nbd7 {[%emt 0:00:18]} 9. O-O {[%emt 0:00:10]} a6 {[%emt 0:00:13]} 10. cxd5 {[%emt 0:00:08]} Nxd5 {[%emt 0:00:13]} 11. Bd3 {[%emt 0:00:10]} Nxc3 {[%emt 0:00:52]} 12. Bxc3 {[%emt 0:00:21]} Bd6 {[%emt 0:00:24]} 13. e4 {[%emt 0:00:21]} c5 {[%emt 0:00:43]} 14. e5 {[%emt 0:00:10]} Be7 {[%emt 0:00:32]} 15. Qc2 {[%emt 0:00:36]} g6 {[%emt 0:00:18]} 16. Nd2 {[%emt 0:00:17]} Rc8 {[%emt 0:00:22]} 17. Qb1 {[%emt 0:00:10]} cxd4 {[%emt 0:00:54]} 18. Bxd4 {[%emt 0:00:24]} Nc5 {[%emt 0:00:11]} 19. Bxc5 {[%emt 0:00:17]} Rxc5 {[%emt 0:00:24]} 20. Rxc5 {[%emt 0:00:12]} Bxc5 {[%emt 0:00:03]} 21. Ne4 {[%emt 0:00:01]} Bxe4 {[%emt 0:00:07]} 22. Bxe4 {[%emt 0:00:04]} Qd4 {[%emt 0:00:09]} 23. Bf3 {[%emt 0:00:17]} Qxe5 {[%emt 0:00:12]} 24. Re1 {[%emt 0:00:23]} Qf4 {[%emt 0:00:12]} 25. Re4 {[%emt 0:00:15]} Qd2 {[%emt 0:00:25]} 26. Re2 {[%emt 0:00:09]} Qd4 {[%emt 0:00:04]} 27. Qe4 {[%emt 0:00:07]} Rd8 {[%emt 0:00:20]} 28. Qxd4 {[%emt 0:00:08]} Rxd4 {[%emt 0:00:05]} 29. Re4 {[%emt 0:00:02]} Rd2 {[%emt 0:00:08]} 30. b4 {[%emt 0:00:06]} Rxa2 {[%emt 0:00:13]} 31. bxc5 {[%emt 0:00:05]} Ra1+ {[%emt 0:00:02] Ahmettahainal50 terk eder (Lag: Av=0.75s, max=1.0s)} 0-1